LEADER 01069nam a2200277 i 4500 001 000000247415 003 CaOOAMICUS 005 20160112000000.0 008 160112s2008 it u000 u ita u 013 $a226320 020 $a978-88-8227-271-5 040 $aSeMil$bita 100 1 $aBous, Michel-Robert.$0(OLS)http://semarc/name/82883 245 10$aImparare ad amare /$cMichel-Robert Bous. 260 $aMagnano :$bQiqajon,$c2008. 300 $a138 p. ;$c19 cm. 490 0 $aSequela oggi 650 4$aAmore - Concezione cristiana.$0(OLS)http://semarc/subject/2285 650 4$aSpiritualità coniugale.$0(OLS)http://semarc/subject/33659 830 0$aSequela oggi.$0(OLS)http://semarc/title/9989 850 $aSeMil 852 $aSeMil$W1$xVenegono$y1$m3F II 639$j197761$B197761$CSeMilBibl$Z2$F208877 $81 961 $aLascito: Milani don Felice 996 $6020$a978-88-8227-271-5$9(OLS)http://semarc/number/256718 996 $6245$aImparare ad amare$9(OLS)http://semarc/title/349389 996 $6260$aMagnano :$bQiqajon$9(OLS)http://semarc/publisher/32326 LEADER 01185nam a2200265 i 4500 001 000000127233 003 CaOOAMICUS 005 20070309000000.0 008 070309s2000 it u000 u ita u 013 $a99941 020 $a88-86590-33-4 040 $aSeMil$bita 245 10$aPercorsi di partecipazione democratica :$bsecondo colloquio internazionale con i Paesi dell'Europa Orientale. 260 $aVicenza :$bRezzara,$ccopyr. 2000. 300 $a117 p. ;$c21 cm. 490 0 $aInformazioni e opinioni ;$v11 500 $aIn testa al front. : Istituto di Scienze Sociali "Nicolò Rezzara" Vicenza. - Fondo Card. C.M. Martini. 830 0$aInformazioni e opinioni ;$v11.$0(OLS)http://semarc/title/23005 850 $aSeMil 852 $aSeMil$W1$xVenegono$y1$m3N III 537$j81551$B81551$CSeMilBibl$Z2$F123556 $81 941 1 $a4 961 $aOmaggio: Martini Card. Carlo Maria 996 $6020$a88-86590-33-4$9(OLS)http://semarc/number/113626 996 $6245$aPercorsi di partecipazione democratica :$bsecondo colloquio internazionale con i Paesi dell'Europa Orientale$9(OLS)http://semarc/title/187747 996 $6260$aVicenza :$bRezzara$9(OLS)http://semarc/publisher/32732